Claves para el liderazgo : la extraordinaria recuperación de Chile después del desastre /

Detalles Bibliográficos
Autores principales: Useem, Michael (Autor), Kunreuther, Howard (Autor), Michel-Kerjan, Erwann (Autor)
Formato: Electrónico eBook
Lenguaje:español
inglés
Publicado: Santiago, Chile : [California] : Ediciones UC ; Stanford Business Books, [2016]
Materias:
Acceso en línea:Digitalia Hispánica

MARC

LEADER 00000nam a2200000Ii 4500
001 DIGUCCH0279
003 NyNyDIG
006 m o d
007 cr |||||||||||
008 250801s2016 cl a ob 001 0 spa d
035 |a (OCoLC)1531994185 
040 |a DGITA  |b eng  |e rda  |e pn  |c DGITA 
020 |a 9789561419971  |q edición digital 
020 |z 9789561418141  |q edición impresa 
041 1 |a spa  |h eng 
043 |a s-cl--- 
050 1 4 |a HV599 ebook 
100 1 |a Useem, Michael,  |e author. 
240 1 0 |a Leadership dispatches.  |l Spanish 
245 1 0 |a Claves para el liderazgo :  |b la extraordinaria recuperación de Chile después del desastre /  |c Michael Useem, Howard Kunreuther, Erwann Michel-Kerjan. 
264 1 |a Santiago, Chile :  |b Ediciones UC ;  |a [California] :  |b Stanford Business Books,  |c [2016] 
300 |a 1 online resource :  |b illustrations. 
336 |a text  |b txt  |2 rdacontent 
337 |a computer  |b c  |2 rdamedia 
338 |a online resource  |b cr  |2 rdacarrier 
347 |a text file  |2 rdaft 
347 |b EPUB 
504 |a Includes bibliographical references and index. 
588 0 |a Online resource; title from ePub title page (Digitalia, viewed August 1, 2025) 
650 0 |a Earthquake relief  |z Chile. 
650 0 |a Chile Earthquake, Chile, 2010 (February 27) 
650 0 |a Emergency management  |z Chile. 
700 1 |a Kunreuther, Howard,  |e author. 
700 1 |a Michel-Kerjan, Erwann,  |e author. 
700 1 |i Translation of:  |a Useem, Michael.  |t Leadership dispatches. 
776 0 8 |i Print version:  |a Useem, Michael.  |s Leadership dispatches. Spanish.  |t Claves para el liderazgo.  |d Santiago, Chile : Ediciones UC ; [California] : Stanford Business Books, [2016]  |z 9789561418141 
791 2 |a Digitalia (Firm),  |e distributor. 
793 0 |g Digitalia eBook Collection:  |a Universidad Católica de Chile 
856 4 0 |3 Digitalia Hispánica  |u https://www.digitaliapublishing.com/a/175578/ 
910 |a Premium collection: 2025